000
00326nam a22001337a 4500
005
20250901165818.0
008
250408b |||||||| |||| 00| 0 eng d
020
_a
9966991786
050
_a
PZ .4.M568 2006
245
_a
THE BEAST 1
_c
MORGAN SEKUNDU
260
_a
NAIROBI
_b
MORSEL PUBLISHERS
_c
2006
300
_a
82
942
_2
lcc
999
_c
9553
_d
9553